| 000 | 00965nam a22002297a 4500 | ||
|---|---|---|---|
| 005 | 20241122111920.0 | ||
| 008 | 230616s mx d gr|||| 00| 0 spa|d | ||
| 020 | _a9786070303142 | ||
| 050 | 0 | 4 |
_aS589.7 _bA37 2011 |
| 245 | 0 | 3 |
_aLa agroecología en la construcción de alternativas hacia la sustentabilidad rural _c / Jaime Morales Hernández,...[et al.] ; coordinador Jaime Morales Hernández. |
| 250 | _a1a ed. | ||
| 260 |
_aMéxico : _bInstituto Tecnológico y de Estudios Superiores de Occidente : _bSiglo Veintiuno Editores, _c2011 |
||
| 300 |
_a318 p. : _bil. ; _c21 cm. |
||
| 504 | _aIncluye bibliografía : p. 295-312 e índice. | ||
| 650 | 7 |
_2lemb _aAgricultura _xEcología _z |
|
| 650 | 7 |
_2lemb _aEcología agrícola |
|
| 650 | 4 | _2Agrobiodiversidad | |
| 700 | 1 |
_aMorales Hernándes, Jaime _eautor _ecoordinador |
|
| 700 | 1 |
_aMuro Bowling, Pedro _eautor |
|
| 710 | 2 | _aInstituto Tecnológico y de Estudios Superiores de Occidente. | |
| 942 |
_2lcc _cLIB |
||
| 999 |
_c120265 _d120265 |
||